Vista normal
Vista MARC
Entrada Personal Name
Número de registros utilizados en: 2
001 - CONTROL NUMBER
- control field: 1511
003 - CONTROL NUMBER IDENTIFIER
- control field: DLC
005 - DATE AND TIME OF LATEST TRANSACTION
- control field: 20250910100857.0
008 - FIXED-LENGTH DATA ELEMENTS
- fixed length control field: 100802n| azannaabn |a aaa c
010 ## - LIBRARY OF CONGRESS CONTROL NUMBER
- LC control number: no2010124799
- Canceled/invalid LC control number: n 2009073952
035 ## - SYSTEM CONTROL NUMBER
- System control number: (OCoLC)oca08578809
040 ## - CATALOGING SOURCE
- Original cataloging agency: TxU
- Language of cataloging: spa
- Description conventions: rda
- Transcribing agency: Mx-PuUPA
- Modifying agency: DLC
- Modifying agency: UPB
- Modifying agency: Mx-PuUPA
100 1# - HEADING--PERSONAL NAME
- Personal name: Garone Gravier, Marina,
373 ## - ASSOCIATED GROUP
- Associated group: Universidad Nacional Autónoma de México. Instituto de Investigaciones Bibliográficas
- Source of term: naf
374 ## - OCCUPATION
- Occupation: Autora
375 ## - GENDER
- Gender: Mujer
377 ## - ASSOCIATED LANGUAGE
- Language code: spa
400 1# - SEE FROM TRACING--PERSONAL NAME
- Personal name: Gravier, Marina Garone
400 1# - SEE FROM TRACING--PERSONAL NAME
- Control subfield: nne
- Personal name: Garone, Marina
670 ## - SOURCE DATA FOUND
- Source citation: Her Herederas de la letra, 2007:
- Information found: t.p. (Marina Garone Gravier)
670 ## - SOURCE DATA FOUND
- Source citation: Her Biblioteca Palafoxiana (Puebla de Zaragoza, Mexico). Memorias, 2009:
- Information found: cover (Marina Garone)
670 ## - SOURCE DATA FOUND
- Source citation: La tipografía en México, 2012:
- Information found: t.p. (Marina Garone Gravier) front flap (professor of the history of tipography, Postgrado en Artes Visuales, Escuela Nacional de Artes Visuales (UNAM)) p. 4 of cover (Dra.)
670 ## - SOURCE DATA FOUND
- Source citation: Historia de la imprenta y la tipografía colonial en Puebla de los Ángeles (1642-1821), 2015:
- Information found: title page (Marina Garone Gravier) front flap (Marina Garone Gravier; doctorate (2009) in Art History from U NAM; since 2009, full-time researcher at the Instituto de Investigaciones Bibliográficas at UNAM, where she coordinates the Seminario Interdisciplinario de Bibliología)